Artists with the Most Top 40 Hits in 2024 - Statistics

General Stats
  • This quiz has been taken 112 times
  • The average score is 14 of 26
Answer Stats
# Top Song Artist % Correct
12 Please Please Please Sabrina Carpenter
90%
28 Fortnight Taylor Swift
88%
11 Texas Hold 'Em Beyoncé
87%
15 Not Like Us Kendrick Lamar
87%
11 Birds Of A Feather Billie Eilish
84%
5 Family Matters Drake
74%
11 Yes, And? Ariana Grande
73%
11 Houdini Eminem
69%
3 Houdini Dua Lipa
66%
3 Good Luck, Babe! Chappell Roan
65%
7 I Had Some Help Post Malone
54%
7 Carnival ¥$
52%
3 Snooze SZA
45%
7 Love Somebody Morgan Wallen
44%
20 Like That Future
42%
3 Greedy Tate McRae
41%
9 St. Chroma Tyler, The Creator
41%
8 Redrum 21 Savage
40%
3 That's So True Gracie Abrams
39%
5 Fast Car Luke Combs
38%
4 Hiss Megan Thee Stallion
32%
3 FTCU Nicki Minaj
29%
6 7 Minute Drill J. Cole
26%
5 I Remember Everything Zach Bryan
25%
4 Wanna Be GloRilla
16%
3 I Am Not Okay Jelly Roll
12%
No matching quizzes found
Score Distribution
Percent of People with Each Score
Percentile by Number Answered
Your Score History
You have not taken this quiz